Chile y las operaciones de paz. Estudio comparado de la política exterior de los tres gobiernos concertacionistas: de la reinserción internacional a la participación en Haití

Saved in:
Bibliografiske detaljer
Hovedforfatter: Le Dantec Valenzuela, Paulina (Author)
Format: Bog
Sprog:spansk
Udgivet: Santiago ANEPE 2006
Udgivelse:1a. ed
Serier:Colección Investigaciones ANEPE, 15
Fag:
Tags: Tilføj Tag
Ingen Tags, Vær først til at tagge denne postø!

MARC

LEADER 00000nam a2200000 a 4500
001 UCJ9023
003 CL-VaPUC
008 070302e20061100CL |||||||||||||||||spa|d
020 |a 9568478132 
082 0 4 |a 341.73  |b LED  |2 21 
100 0 |a Le Dantec Valenzuela, Paulina  |e author  |9 518896 
245 1 0 |a Chile y las operaciones de paz. Estudio comparado de la política exterior de los tres gobiernos concertacionistas: de la reinserción internacional a la participación en Haití 
250 |a 1a. ed 
300 |a 172 p 
942 |c BK 
945 |d 20070302 00:00:00  |a cmena 
260 |a Santiago  |b ANEPE  |c 2006 
650 0 |a Tratados internacionales   |9 256056 
650 7 |a OPERACIONES DE PAZ  |2 CL-VaPUC  |9 454032 
650 0 |a Derecho internacional  |9 255637 
650 0 |a Política internacional  |9 255813 
651 7 |a CHILE  |2 CL-VaPUC  |9 518897 
651 7 |a HAITI  |2 CL-VaPUC  |9 255724 
583 |a last modification  |c 20070302 00:00:00  |k Rodrigo Vera 
490 0 |a Colección Investigaciones ANEPE, 15 
999 |c 324662  |d 324660 
952 |0 0  |1 0  |4 0  |6 341_730000000000000_LED_2006  |7 0  |8 A  |9 404941  |a BIBGIM  |b BIBGIM  |d 2019-11-22  |i 4321596  |o 341.73 LED 2006  |p 4321596  |r 2025-01-15  |w 2019-11-22  |y BK  |k GIM